To stay or not to stay? (Record no. 70592)
[ view plain ]
| 000 -LEADER | |
|---|---|
| fixed length control field | 00707cam a2200181 4500 |
| 001 - CONTROL NUMBER | |
| control field | X118548 |
| 008 - FIXED-LENGTH DATA ELEMENTS--GENERAL INFORMATION | |
| fixed length control field | 020626n2002 000 0 eng u |
| 035 ## - SYSTEM CONTROL NUMBER | |
| System control number | (Sirsi) u118548 |
| 100 ## - MAIN ENTRY--PERSONAL NAME | |
| Personal name | Dye, C |
| 245 ## - TITLE STATEMENT | |
| Title | To stay or not to stay? |
| 260 ## - PUBLICATION, DISTRIBUTION, ETC. | |
| Date of publication, distribution, etc. | 2002 |
| 490 ## - SERIES STATEMENT | |
| Series statement | New Law Journal |
| Volume/sequential designation | 152(7029) 26 April 2002, 640-641(2) |
| 520 ## - SUMMARY, ETC. | |
| Summary, etc. | Explains how courts will apply CPR 3.9 when party seeks relief from a stay under Part 51. Examines how to balance guidelines with overriding objective. Clarifies information court needs to have in deciding whether to lift automatic stay. |
| 650 ## - SUBJECT ADDED ENTRY--TOPICAL TERM | |
| Topical term or geographic name entry element | CIVIL PROCEDURE RULES |
| 650 ## - SUBJECT ADDED ENTRY--TOPICAL TERM | |
| Topical term or geographic name entry element | CIVIL PROCEDURE RULES 1998 |
| 690 ## - LOCAL SUBJECT ADDED ENTRY--TOPICAL TERM (OCLC, RLIN) | |
| Topical term or geographic name as entry element | Dispute resolution |
| 9 (RLIN) | 6236 |
| 942 ## - ADDED ENTRY ELEMENTS (KOHA) | |
| Suppress in OPAC | 0 |
| Withdrawn status | Lost status | Source of classification or shelving scheme | Damaged status | Not for loan | Home library | Current library | Shelving location | Date acquired | Total Checkouts | Barcode | Date last seen | Copy number | Price effective from | Koha item type |
|---|---|---|---|---|---|---|---|---|---|---|---|---|---|---|
| Dewey Decimal Classification | London | London | Journal article | 26/06/2002 | 118548-1001 | 06/08/2019 | 1 | 06/08/2019 | Journal article |